[Event "European Chess Club Cup 2023"]
[Site "Durres, Albania"]
[Date "2023.10.06"]
[Round "6.16"]
[White "Greenfeld, Alon"]
[Black "Oparin, Grigoriy"]
[Result "0-1"]
[TimeControl "90' + 30' & 30\""]
[WhiteElo "2455"]
[BlackElo "2681"]

1. Nf3 {[%clk 01:27:05]} {[%emt 00:03:46]} Nf6 {[%clk 01:30:52]} {[%emt
00:00:17]} 2. c4 {[%clk 01:27:02]} {[%emt 00:00:33]} b6 {[%clk 01:31:04]}
{[%emt 00:00:18]} 3. Nc3 {[%clk 01:21:11]} {[%emt 00:06:19]} Bb7 {[%clk
01:31:18]} {[%emt 00:00:18]} 4. d4 {[%clk 01:20:38]} {[%emt 00:01:03]} e6
{[%clk 01:31:32]} {[%emt 00:00:17]} 5. a3 {[%clk 01:20:49]} {[%emt 00:00:19]}
d5 {[%clk 01:31:27]} {[%emt 00:00:34]} 6. cxd5 {[%clk 01:18:55]} {[%emt
00:02:23]} Nxd5 {[%clk 01:31:38]} {[%emt 00:00:19]} 7. Qc2 {[%clk 01:18:29]}
{[%emt 00:00:57]} Be7 {[%clk 01:31:45]} {[%emt 00:00:24]} 8. e4 {[%clk
01:18:41]} {[%emt 00:00:17]} Nxc3 {[%clk 01:32:11]} {[%emt 00:00:05]} 9. bxc3
{[%clk 01:19:04]} {[%emt 00:00:06]} O-O {[%clk 01:32:35]} {[%emt 00:00:07]} 10.
Bd3 {[%clk 01:18:48]} {[%emt 00:00:45]} c5 {[%clk 01:32:55]} {[%emt 00:00:10]}
11. O-O {[%clk 01:18:34]} {[%emt 00:00:44]} Qc7 {[%clk 01:33:13]} {[%emt
00:00:12]} 12. Qe2 {[%clk 01:17:47]} {[%emt 00:01:18]} Rd8 {[%clk 01:33:24]}
{[%emt 00:00:18]} 13. Rd1 {[%clk 01:04:47]} {[%emt 00:13:30]} Nd7 {[%clk
01:31:48]} {[%emt 00:02:05]} 14. a4 {[%clk 00:59:24]} {[%emt 00:05:54]} Rac8
{[%clk 01:25:14]} {[%emt 00:07:04]} 15. g3 {[%clk 00:51:36]} {[%emt 00:08:18]}
e5 {[%clk 01:06:19]} {[%emt 00:19:26]} 16. d5 {[%clk 00:51:10]} {[%emt
00:00:54]} c4 {[%clk 01:06:45]} {[%emt 00:00:04]} 17. Bb1 {[%clk 00:50:16]}
{[%emt 00:01:24]} a6 {[%clk 00:43:42]} {[%emt 00:23:34]} 18. Ba3 {[%clk
00:32:47]} {[%emt 00:17:58]} Bxa3 {[%clk 00:36:06]} {[%emt 00:08:06]} 19. Rxa3
{[%clk 00:31:42]} {[%emt 00:01:35]} Nf6 {[%clk 00:36:34]} {[%emt 00:00:03]} 20.
Bc2 {[%clk 00:31:09]} {[%emt 00:01:03]} Ne8 {[%clk 00:34:42]} {[%emt 00:02:22]}
21. Qe3 {[%clk 00:26:59]} {[%emt 00:04:40]} Rb8 {[%clk 00:34:30]} {[%emt
00:00:42]} 22. Rb1 {[%clk 00:25:04]} {[%emt 00:02:25]} Bc8 {[%clk 00:34:45]}
{[%emt 00:00:15]} 23. Ra2 {[%clk 00:25:23]} {[%emt 00:00:11]} Bd7 {[%clk
00:30:43]} {[%emt 00:04:32]} 24. Rab2 {[%clk 00:24:36]} {[%emt 00:01:17]} b5
{[%clk 00:31:06]} {[%emt 00:00:07]} 25. axb5 {[%clk 00:23:19]} {[%emt
00:01:47]} Bxb5 {[%clk 00:31:31]} {[%emt 00:00:05]} 26. Bd1 {[%clk 00:21:09]}
{[%emt 00:02:40]} Qe7 {[%clk 00:26:26]} {[%emt 00:05:35]} 27. Ba4 {[%clk
00:20:50]} {[%emt 00:00:49]} Nd6 {[%clk 00:25:55]} {[%emt 00:01:01]} 28. Bxb5
{[%clk 00:17:22]} {[%emt 00:03:58]} axb5 {[%clk 00:26:13]} {[%emt 00:00:12]} 29.
Ra2 {[%clk 00:16:10]} {[%emt 00:01:41]} h6 {[%clk 00:20:05]} {[%emt 00:06:40]}
30. Ra7 {[%clk 00:14:42]} {[%emt 00:01:58]} Qf6 {[%clk 00:20:23]} {[%emt
00:00:11]} 31. Ra6 {[%clk 00:13:26]} {[%emt 00:01:46]} Ra8 {[%clk 00:18:58]}
{[%emt 00:01:55]} 32. Rba1 {[%clk 00:13:26]} {[%emt 00:00:30]} Nf5 {[%clk
00:19:08]} {[%emt 00:00:20]} 33. Rxa8 {[%clk 00:07:49]} {[%emt 00:06:07]} Nxe3
{[%clk 00:19:33]} {[%emt 00:00:05]} 34. fxe3 {[%clk 00:08:02]} {[%emt
00:00:17]} Rxa8 {[%clk 00:15:10]} {[%emt 00:04:53]} 35. Rxa8+ {[%clk 00:08:30]}
{[%emt 00:00:02]} Kh7 {[%clk 00:15:35]} {[%emt 00:00:06]} 36. Kf2 {[%clk
00:08:44]} {[%emt 00:00:15]} Qg6 {[%clk 00:15:08]} {[%emt 00:00:57]} 37. Ra2
{[%clk 00:04:42]} {[%emt 00:04:31]} b4 {[%clk 00:14:48]} {[%emt 00:00:50]} 38.
cxb4 {[%clk 00:04:59]} {[%emt 00:00:13]} Qxe4 {[%clk 00:12:34]} {[%emt
00:02:44]} 39. d6 {[%clk 00:04:10]} {[%emt 00:01:20]} c3 {[%clk 00:09:50]}
{[%emt 00:03:15]} 40. d7 {[%clk 00:01:36]} {[%emt 00:03:03]} Qd5 {[%clk
00:10:15]} {[%emt 00:00:04]} 41. Ra7 {[%clk 00:27:36]} {[%emt 00:04:30]} c2
{[%clk 00:32:31]} {[%emt 00:08:14]} 42. Rc7 {[%clk 00:27:56]} {[%emt 00:00:10]}
Qxd7 {[%clk 00:31:27]} {[%emt 00:01:35]} 0-1

[Event "European Chess Club Cup 2023"]
[Site "Durres, Albania"]
[Date "2023.10.06"]
[Round "6.17"]
[White "Movsesian, Sergei"]
[Black "Postny, Evgeny"]
[Result "1/2-1/2"]
[TimeControl "90' + 30' & 30\""]
[WhiteElo "2606"]
[BlackElo "2568"]

1. e4 {[%clk 01:30:47]} {[%emt 00:00:12]} e5 {[%clk 01:30:53]} {[%emt
00:00:07]} 2. Nf3 {[%clk 01:31:03]} {[%emt 00:00:13]} Nc6 {[%clk 01:31:19]}
{[%emt 00:00:05]} 3. d4 {[%clk 01:31:17]} {[%emt 00:00:17]} exd4 {[%clk
01:31:41]} {[%emt 00:00:07]} 4. Nxd4 {[%clk 01:31:44]} {[%emt 00:00:04]} Qf6
{[%clk 01:31:02]} {[%emt 00:01:08]} 5. Nf3 {[%clk 01:31:38]} {[%emt 00:00:36]}
Bb4+ {[%clk 01:30:54]} {[%emt 00:00:37]} 6. c3 {[%clk 01:31:45]} {[%emt
00:00:23]} Bc5 {[%clk 01:31:13]} {[%emt 00:00:11]} 7. Be2 {[%clk 01:31:20]}
{[%emt 00:00:55]} h6 {[%clk 01:30:43]} {[%emt 00:01:01]} 8. O-O {[%clk
01:31:09]} {[%emt 00:00:41]} Nge7 {[%clk 01:31:06]} {[%emt 00:00:07]} 9. Qc2
{[%clk 01:29:50]} {[%emt 00:01:49]} a5 {[%clk 01:21:26]} {[%emt 00:10:11]} 10.
Na3 {[%clk 01:29:11]} {[%emt 00:01:08]} Bxa3 {[%clk 01:14:04]} {[%emt
00:07:53]} 11. bxa3 {[%clk 01:29:37]} {[%emt 00:00:03]} d5 {[%clk 01:10:47]}
{[%emt 00:03:47]} 12. exd5 {[%clk 01:21:49]} {[%emt 00:08:18]} Nxd5 {[%clk
01:11:12]} {[%emt 00:00:05]} 13. c4 {[%clk 01:20:40]} {[%emt 00:01:39]} Bf5
{[%clk 00:56:52]} {[%emt 00:14:50]} 14. Bd3 {[%clk 01:09:23]} {[%emt 00:11:46]}
Nde7 {[%clk 00:51:04]} {[%emt 00:06:18]} 15. Rb1 {[%clk 01:04:27]} {[%emt
00:05:26]} b6 {[%clk 00:40:08]} {[%emt 00:11:27]} 16. Bb2 {[%clk 01:04:15]}
{[%emt 00:00:42]} Bxd3 {[%clk 00:36:27]} {[%emt 00:04:11]} 17. Qxd3 {[%clk
01:04:39]} {[%emt 00:00:06]} Qf5 {[%clk 00:36:52]} {[%emt 00:00:05]} 18. Qxf5
{[%clk 00:47:10]} {[%emt 00:17:59]} Nxf5 {[%clk 00:37:03]} {[%emt 00:00:19]} 19.
c5 {[%clk 00:42:36]} {[%emt 00:05:04]} O-O {[%clk 00:33:14]} {[%emt 00:04:19]}
20. cxb6 {[%clk 00:38:11]} {[%emt 00:04:55]} cxb6 {[%clk 00:33:40]} {[%emt
00:00:04]} 21. Ne5 {[%clk 00:35:57]} {[%emt 00:02:44]} Nxe5 {[%clk 00:32:21]}
{[%emt 00:01:49]} 22. Bxe5 {[%clk 00:36:21]} {[%emt 00:00:06]} Rfe8 {[%clk
00:32:44]} {[%emt 00:00:06]} 23. Bc7 {[%clk 00:36:22]} {[%emt 00:00:29]} Re2
{[%clk 00:31:43]} {[%emt 00:01:32]} 24. Bxb6 {[%clk 00:36:00]} {[%emt
00:00:52]} Rxa2 {[%clk 00:32:07]} {[%emt 00:00:06]} 25. Rb5 {[%clk 00:35:58]}
{[%emt 00:00:31]} Nd6 {[%clk 00:32:23]} {[%emt 00:00:15]} 26. Rxa5 {[%clk
00:36:17]} {[%emt 00:00:11]} Rxa5 {[%clk 00:32:48]} {[%emt 00:00:05]} 27. Bxa5
{[%clk 00:36:44]} {[%emt 00:00:03]} Rxa3 {[%clk 00:33:02]} {[%emt 00:00:16]} 28.
Bb4 {[%clk 00:37:11]} {[%emt 00:00:03]} Rd3 {[%clk 00:33:27]} {[%emt 00:00:05]}
29. Bxd6 {[%clk 00:37:30]} {[%emt 00:00:11]} Rxd6 {[%clk 00:33:53]} {[%emt
00:00:04]} 30. h4 {[%clk 00:37:56]} {[%emt 00:00:04]} 1/2-1/2

[Event "European Chess Club Cup 2023"]
[Site "Durres, Albania"]
[Date "2023.10.06"]
[Round "6.18"]
[White "Huzman, Alexander"]
[Black "Delchev, Aleksander"]
[Result "1-0"]
[TimeControl "90' + 30' & 30\""]
[WhiteElo "2526"]
[BlackElo "2514"]

1. Nf3 {[%clk 01:30:57]} {[%emt 00:00:02]} d5 {[%clk 01:29:39]} {[%emt
00:01:18]} 2. d4 {[%clk 01:31:14]} {[%emt 00:00:16]} Nf6 {[%clk 01:30:02]}
{[%emt 00:00:07]} 3. c4 {[%clk 01:31:28]} {[%emt 00:00:15]} e6 {[%clk
01:30:26]} {[%emt 00:00:06]} 4. g3 {[%clk 01:31:45]} {[%emt 00:00:14]} dxc4
{[%clk 01:30:25]} {[%emt 00:00:29]} 5. Bg2 {[%clk 01:32:02]} {[%emt 00:00:14]}
Bb4+ {[%clk 01:30:23]} {[%emt 00:00:32]} 6. Bd2 {[%clk 01:31:39]} {[%emt
00:00:54]} a5 {[%clk 01:29:38]} {[%emt 00:01:14]} 7. a3 {[%clk 01:30:45]}
{[%emt 00:01:25]} Bxd2+ {[%clk 01:28:22]} {[%emt 00:01:46]} 8. Nbxd2 {[%clk
01:30:22]} {[%emt 00:00:53]} b5 {[%clk 01:26:23]} {[%emt 00:02:28]} 9. b3
{[%clk 01:26:25]} {[%emt 00:04:27]} cxb3 {[%clk 01:20:47]} {[%emt 00:06:07]} 10.
Qxb3 {[%clk 01:26:18]} {[%emt 00:00:38]} Ba6 {[%clk 01:10:52]} {[%emt
00:10:24]} 11. O-O {[%clk 01:25:59]} {[%emt 00:00:49]} O-O {[%clk 01:11:13]}
{[%emt 00:00:08]} 12. Rfc1 {[%clk 01:24:42]} {[%emt 00:01:49]} a4 {[%clk
01:05:37]} {[%emt 00:06:05]} 13. Qc2 {[%clk 01:05:43]} {[%emt 00:19:29]} Nd5
{[%clk 00:52:41]} {[%emt 00:13:26]} 14. Ne5 {[%clk 01:00:15]} {[%emt 00:05:58]}
Ra7 {[%clk 00:43:55]} {[%emt 00:09:15]} 15. Ne4 {[%clk 00:53:59]} {[%emt
00:06:47]} Nb6 {[%clk 00:38:26]} {[%emt 00:05:59]} 16. e3 {[%clk 00:53:39]}
{[%emt 00:00:51]} Qe7 {[%clk 00:31:59]} {[%emt 00:06:57]} 17. Nc5 {[%clk
00:52:01]} {[%emt 00:02:08]} f6 {[%clk 00:28:40]} {[%emt 00:03:48]} 18. Nc6
{[%clk 00:37:15]} {[%emt 00:15:16]} Nxc6 {[%clk 00:29:04]} {[%emt 00:00:05]} 19.
Bxc6 {[%clk 00:37:43]} {[%emt 00:00:02]} e5 {[%clk 00:28:47]} {[%emt 00:00:48]}
20. d5 {[%clk 00:37:15]} {[%emt 00:00:59]} Bc8 {[%clk 00:26:57]} {[%emt
00:02:19]} 21. Bxb5 {[%clk 00:36:22]} {[%emt 00:01:23]} Kh8 {[%clk 00:26:13]}
{[%emt 00:01:14]} 22. Bc6 {[%clk 00:36:24]} {[%emt 00:00:28]} f5 {[%clk
00:26:27]} {[%emt 00:00:15]} 23. Qc3 {[%clk 00:35:00]} {[%emt 00:01:54]} Rd8
{[%clk 00:22:54]} {[%emt 00:04:03]} 24. Rd1 {[%clk 00:34:12]} {[%emt 00:01:18]}
e4 {[%clk 00:19:32]} {[%emt 00:03:53]} 25. Rac1 {[%clk 00:32:42]} {[%emt
00:02:00]} Rd6 {[%clk 00:19:28]} {[%emt 00:00:34]} 26. Qd4 {[%clk 00:28:48]}
{[%emt 00:04:24]} h6 {[%clk 00:19:04]} {[%emt 00:00:54]} 27. Nxa4 {[%clk
00:26:50]} {[%emt 00:02:29]} Rxc6 {[%clk 00:18:38]} {[%emt 00:00:56]} 28. Rc3
{[%emt 00:03:54]} Rc5 29. Rxc5 {[%clk 00:23:24]} Rxa4 {[%clk 00:16:46]} {[%emt
00:02:22]} 30. Rc6 {[%clk 00:23:52]} Qd7 {[%clk 00:10:09]} {[%emt 00:07:10]} 31.
Qe5 {[%clk 00:20:00]} {[%emt 00:04:22]} Ra7 {[%clk 00:09:47]} {[%emt 00:00:52]}
32. Rxh6+ {[%clk 00:14:11]} {[%emt 00:06:20]} Kg8 {[%clk 00:10:12]} {[%emt
00:00:04]} 33. Re6 {[%clk 00:13:03]} {[%emt 00:01:38]} Nc4 {[%clk 00:08:35]}
{[%emt 00:02:07]} 34. Qd4 {[%clk 00:12:16]} {[%emt 00:01:17]} Ra4 {[%clk
00:08:58]} {[%emt 00:00:07]} 35. Rc6 {[%clk 00:11:33]} {[%emt 00:01:13]} Nb6
{[%clk 00:09:00]} {[%emt 00:00:29]} 36. Qe5 {[%clk 00:09:41]} {[%emt 00:02:21]}
Ra7 {[%clk 00:07:42]} {[%emt 00:01:48]} 37. h4 {[%clk 00:09:27]} {[%emt
00:00:45]} Kf8 {[%clk 00:04:59]} {[%emt 00:03:12]} 38. h5 {[%clk 00:06:52]}
{[%emt 00:03:05]} Qe8 {[%clk 00:05:22]} {[%emt 00:00:08]} 39. Qxe8+ {[%clk
00:05:33]} {[%emt 00:01:48]} Kxe8 {[%clk 00:05:51]} {[%emt 00:00:01]} 40. d6
{[%clk 00:05:57]} {[%emt 00:00:06]} Kd7 {[%clk 00:06:04]} {[%emt 00:00:17]} 41.
Rdc1 {[%clk 00:01:57]} {[%emt 00:04:30]} Nd5 {[%clk 00:04:59]} {[%emt
00:01:33]} 42. dxc7 {[%clk 00:02:02]} {[%emt 00:00:26]} Rxc7 {[%clk 00:20:00]}
{[%emt 00:15:29]} 43. Rxc7+ {[%clk 00:30:04]} {[%emt 00:02:28]} Nxc7 {[%clk
00:20:27]} {[%emt 00:00:04]} 44. Kg2 {[%clk 00:19:56]} {[%emt 00:10:38]} Kd6
{[%clk 00:20:49]} {[%emt 00:00:09]} 45. Kh3 {[%clk 00:20:15]} {[%emt 00:00:11]}
Bd7 {[%clk 00:18:06]} {[%emt 00:03:12]} 46. Kh4 {[%clk 00:18:06]} {[%emt
00:02:40]} Ne6 {[%clk 00:18:31]} {[%emt 00:00:04]} 47. Rd1+ {[%clk 00:15:04]}
{[%emt 00:03:32]} Ke7 {[%clk 00:18:31]} {[%emt 00:00:31]} 48. Rd5 {[%clk
00:13:36]} {[%emt 00:01:57]} Nc7 {[%clk 00:18:52]} {[%emt 00:00:09]} 49. Ra5
{[%clk 00:13:11]} {[%emt 00:00:55]} Nb5 {[%clk 00:17:36]} {[%emt 00:01:47]} 50.
Kg5 {[%clk 00:12:37]} {[%emt 00:01:03]} Nd6 {[%clk 00:14:41]} {[%emt 00:03:24]}
51. Ra7 {[%clk 00:12:02]} {[%emt 00:01:06]} Nb5 {[%clk 00:11:04]} {[%emt
00:04:07]} 52. Rxd7+ {[%clk 00:12:02]} {[%emt 00:00:31]} 1-0

[Event "European Chess Club Cup 2023"]
[Site "Durres, Albania"]
[Date "2023.10.06"]
[Round "6.19"]
[White "Sanal, Vahap"]
[Black "Mamedyarov, Shakhriyar"]
[Result "1/2-1/2"]
[TimeControl "90' + 30' & 30\""]
[WhiteElo "2603"]
[BlackElo "2734"]

1. e4 {[%clk 01:30:57]} {[%emt 00:00:02]} e6 {[%clk 01:30:09]} {[%emt
00:00:52]} 2. d4 {[%clk 01:31:18]} {[%emt 00:00:08]} d5 {[%clk 01:30:37]}
{[%emt 00:00:02]} 3. Nd2 {[%clk 01:31:31]} {[%emt 00:00:17]} dxe4 {[%clk
01:30:28]} {[%emt 00:00:40]} 4. Nxe4 {[%clk 01:31:53]} {[%emt 00:00:06]} Nd7
{[%clk 01:30:56]} {[%emt 00:00:03]} 5. Nf3 {[%clk 01:31:52]} {[%emt 00:00:31]}
Ngf6 {[%clk 01:31:20]} {[%emt 00:00:07]} 6. Nxf6+ {[%clk 01:32:16]} {[%emt
00:00:06]} Nxf6 {[%clk 01:31:45]} {[%emt 00:00:04]} 7. Be3 {[%clk 01:31:51]}
{[%emt 00:00:55]} Bd7 {[%clk 01:28:33]} {[%emt 00:03:42]} 8. Ne5 {[%clk
01:30:04]} {[%emt 00:02:16]} Ba4 {[%clk 01:27:56]} {[%emt 00:01:09]} 9. a3
{[%clk 01:19:20]} {[%emt 00:11:13]} Nd7 {[%clk 01:20:33]} {[%emt 00:07:54]} 10.
b3 {[%clk 01:03:49]} {[%emt 00:16:01]} Nxe5 {[%clk 01:20:49]} {[%emt 00:00:13]}
11. dxe5 {[%clk 01:02:21]} {[%emt 00:01:58]} Qxd1+ {[%clk 01:15:26]} {[%emt
00:05:53]} 12. Rxd1 {[%clk 00:58:39]} Bc6 {[%clk 01:15:52]} {[%emt 00:04:17]}
13. b4 {[%clk 00:53:38]} {[%emt 00:05:30]} a5 {[%clk 01:14:35]} {[%emt
00:01:48]} 14. c3 {[%clk 00:53:45]} {[%emt 00:00:22]} axb4 {[%clk 01:10:24]}
{[%emt 00:04:42]} 15. axb4 {[%clk 00:54:09]} {[%emt 00:00:05]} Be7 {[%clk
01:07:26]} {[%emt 00:03:28]} 16. b5 {[%clk 00:51:39]} {[%emt 00:03:00]} Be4
{[%clk 01:03:44]} {[%emt 00:04:11]} 17. f3 {[%clk 00:51:32]} {[%emt 00:00:38]}
Bc2 {[%clk 00:58:41]} {[%emt 00:05:32]} 18. Rd2 {[%clk 00:49:19]} {[%emt
00:02:44]} Bg6 {[%clk 00:59:00]} {[%emt 00:00:10]} 19. Kf2 {[%clk 00:42:23]}
{[%emt 00:07:26]} b6 {[%clk 00:48:11]} {[%emt 00:11:20]} 20. Bd3 {[%clk
00:37:47]} {[%emt 00:05:03]} O-O-O {[%clk 00:34:59]} {[%emt 00:13:45]} 21. Rhd1
{[%clk 00:36:06]} {[%emt 00:02:11]} Bxd3 {[%clk 00:32:16]} {[%emt 00:03:13]} 22.
Rxd3 {[%clk 00:36:30]} {[%emt 00:00:07]} Rxd3 {[%clk 00:30:43]} {[%emt
00:02:03]} 23. Rxd3 {[%clk 00:36:54]} {[%emt 00:00:05]} Rd8 {[%clk 00:31:09]}
{[%emt 00:00:03]} 24. Rxd8+ {[%clk 00:36:44]} {[%emt 00:00:41]} Kxd8 {[%clk
00:31:35]} {[%emt 00:00:04]} 25. Ke2 {[%clk 00:36:21]} {[%emt 00:00:53]} c5
{[%clk 00:31:54]} {[%emt 00:00:12]} 26. g4 {[%clk 00:35:51]} {[%emt 00:00:59]}
Bh4 {[%clk 00:29:48]} {[%emt 00:02:36]} 27. f4 {[%clk 00:34:26]} {[%emt
00:01:55]} Kd7 {[%clk 00:29:30]} {[%emt 00:00:48]} 28. Bf2 {[%clk 00:32:35]}
{[%emt 00:02:20]} Bxf2 {[%clk 00:29:22]} {[%emt 00:00:40]} 29. Kxf2 {[%clk
00:33:02]} {[%emt 00:00:03]} Ke7 {[%clk 00:29:22]} {[%emt 00:00:29]} 30. Kf3
{[%clk 00:33:15]} {[%emt 00:00:17]} g6 {[%clk 00:29:44]} {[%emt 00:00:08]}
1/2-1/2

[Event "European Chess Club Cup 2023"]
[Site "Durres, Albania"]
[Date "2023.10.06"]
[Round "6.20"]
[White "Amin, Bassem"]
[Black "Yilmaz, Mustafa"]
[Result "1/2-1/2"]
[TimeControl "90' + 30' & 30\""]
[WhiteElo "2680"]
[BlackElo "2640"]

1. Nf3 {[%clk 01:28:52]} {[%emt 00:02:07]} c5 {[%clk 01:30:44]} {[%emt
00:00:17]} 2. g3 {[%clk 01:28:44]} {[%emt 00:00:38]} Nc6 {[%clk 01:31:04]}
{[%emt 00:00:10]} 3. Bg2 {[%clk 01:29:06]} {[%emt 00:00:08]} g6 {[%clk
01:30:59]} {[%emt 00:00:35]} 4. O-O {[%clk 01:27:41]} {[%emt 00:01:55]} Bg7
{[%clk 01:31:13]} {[%emt 00:00:16]} 5. e4 {[%clk 01:24:33]} {[%emt 00:03:38]}
Nf6 {[%clk 01:27:09]} {[%emt 00:04:34]} 6. Re1 {[%clk 01:20:06]} {[%emt
00:04:56]} O-O {[%clk 01:24:14]} {[%emt 00:03:25]} 7. c3 {[%clk 01:16:40]}
{[%emt 00:03:56]} e5 {[%clk 01:22:33]} {[%emt 00:02:12]} 8. Na3 {[%clk
01:12:31]} {[%emt 00:04:39]} d6 {[%clk 01:19:48]} {[%emt 00:03:15]} 9. d3
{[%clk 01:07:59]} {[%emt 00:05:02]} Re8 {[%clk 01:17:06]} {[%emt 00:03:12]} 10.
Nc4 {[%clk 01:02:00]} {[%emt 00:06:30]} b5 {[%clk 01:14:52]} {[%emt 00:02:43]}
11. Ne3 {[%clk 01:01:41]} {[%emt 00:00:49]} Rb8 {[%clk 01:08:54]} {[%emt
00:06:28]} 12. a4 {[%clk 00:58:19]} {[%emt 00:03:52]} a6 {[%clk 01:02:22]}
{[%emt 00:07:02]} 13. axb5 {[%clk 00:57:47]} {[%emt 00:01:03]} axb5 {[%clk
01:02:49]} {[%emt 00:00:02]} 14. Nd5 {[%clk 00:47:54]} {[%emt 00:10:22]} Ne7
{[%clk 00:56:25]} {[%emt 00:06:55]} 15. Nxf6+ {[%clk 00:46:51]} {[%emt
00:01:33]} Bxf6 {[%clk 00:56:53]} {[%emt 00:00:02]} 16. d4 {[%clk 00:43:43]}
{[%emt 00:03:38]} exd4 {[%clk 00:49:38]} {[%emt 00:07:44]} 17. cxd4 {[%clk
00:44:07]} {[%emt 00:00:07]} Bg4 {[%clk 00:49:29]} {[%emt 00:00:39]} 18. d5
{[%clk 00:22:47]} {[%emt 00:21:50]} Qd7 {[%clk 00:34:42]} {[%emt 00:15:17]} 19.
Ra6 {[%clk 00:22:59]} {[%emt 00:00:17]} Ra8 {[%clk 00:31:04]} {[%emt 00:04:07]}
20. Rxa8 {[%clk 00:22:08]} {[%emt 00:01:23]} Rxa8 {[%clk 00:31:32]} {[%emt
00:00:02]} 21. Qc2 {[%clk 00:22:15]} {[%emt 00:00:23]} Bg7 {[%clk 00:21:37]}
{[%emt 00:10:25]} 22. h4 {[%clk 00:20:55]} {[%emt 00:01:50]} Nc8 {[%clk
00:20:32]} {[%emt 00:01:34]} 23. e5 {[%clk 00:16:15]} {[%emt 00:05:11]} Qf5
{[%clk 00:16:57]} {[%emt 00:04:05]} 24. Qxf5 {[%clk 00:15:46]} {[%emt
00:00:59]} Bxf5 {[%clk 00:17:24]} {[%emt 00:00:03]} 25. Bf4 {[%clk 00:15:36]}
{[%emt 00:00:40]} Bf8 {[%clk 00:08:43]} {[%emt 00:09:12]} 26. Bf1 {[%clk
00:13:01]} {[%emt 00:03:05]} Ra2 {[%clk 00:06:38]} {[%emt 00:02:34]} 27. Bxb5
{[%clk 00:10:21]} {[%emt 00:03:10]} Rxb2 {[%clk 00:07:06]} {[%emt 00:00:02]} 28.
Ba6 {[%clk 00:10:04]} {[%emt 00:00:47]} dxe5 {[%clk 00:06:03]} {[%emt
00:01:33]} 29. Bxe5 {[%clk 00:08:40]} {[%emt 00:01:55]} Ra2 {[%clk 00:03:42]}
{[%emt 00:02:50]} 30. Bxc8 {[%clk 00:02:16]} {[%emt 00:06:54]} Bxc8 {[%clk
00:04:09]} {[%emt 00:00:03]} 31. Ng5 {[%clk 00:01:18]} {[%emt 00:01:29]} Bf5
{[%clk 00:03:19]} {[%emt 00:01:19]} 32. g4 {[%clk 00:01:23]} {[%emt 00:00:25]}
Bxg4 {[%clk 00:02:32]} {[%emt 00:01:17]} 33. Ne4 {[%clk 00:01:51]} {[%emt
00:00:02]} f5 {[%clk 00:02:48]} {[%emt 00:00:14]} 34. Nf6+ {[%clk 00:01:39]}
{[%emt 00:00:42]} Kf7 {[%clk 00:03:16]} {[%emt 00:00:02]} 35. Nxh7 {[%clk
00:01:17]} {[%emt 00:00:52]} Be7 {[%clk 00:01:53]} {[%emt 00:01:53]} 36. Ng5+
{[%clk 00:01:18]} {[%emt 00:00:30]} Bxg5 {[%clk 00:02:17]} {[%emt 00:00:06]} 37.
hxg5 {[%clk 00:01:46]} {[%emt 00:00:02]} Re2 {[%clk 00:02:38]} {[%emt
00:00:08]} 1/2-1/2